000 00618nam a22001937a 4500
005 20240808213911.0
008 240305b ||||| |||| 00| 0 eng d
040 _aSSBUL
_cSSBUL
082 _223
_a294.38241
_bIn 21505 S-SAT
130 _aDhammasangani .
_937533
245 0 0 _aIntroduction to Dhammasangani.
260 _aYangon :
_bDepartment for the Promotion and propagation of the Sasana,
_c1996.
300 _a44 pages ;
_c17 cm.
500 _aS-SAT: Prof. Sai Aung Tun
500 _aS-KZN: Prof. Kyaw Zaw Naing
650 _aAbhidhamma Pititka
_937534
650 _aDhammasangani
_937535
942 _2ddc
_cBK1
999 _c32331
_d32331